Statistics for Знаменитые люди по имени Иван

Click here to take the quiz!

General Stats

  • This quiz has been taken 93 times
  • The average score is 7 of 20

Answer Stats

ПодсказкаОтвет% Correct
Первый венчанный царь всея РусиИван {Грозный}
85%
Автор басни «Ворона и лисица»Иван {Крылов}
73%
Телеведущий и актёр, снявшийся в фильмах «Выкрутасы» и «Ёлки»Иван {Ургант}
68%
Автор романа «Отцы и дети»Иван {Тургенев}
65%
Живописец, автор картины «Утро в сосновом лесу»Иван {Шишкин}
59%
Писатель и поэт, лауреат Нобелевской премии по литературе 1933 года.Иван {Бунин}
51%
Автор романа «Обломов»Иван {Гончаров}
46%
Живописец, автор картины «Девятый вал»Иван {Айвазовский}
45%
Учёный, физиолог, лауреат Нобелевской премии 1904 года «за работу по физиологии пищеварения»Иван {Павлов}
31%
Актёр, снявшийся в фильмах «Текст» и «Дама Пик»Иван {Янковский}
30%
Футболист, центральный полузащитник испанского клуба «Севилья»Иван {Ракитич}
29%
Актёр, снявшийся в фильмах «ДМБ» и «Нога»Иван {Охлобыстин}
26%
Маршал Советского Союза, дважды Герой Советского СоюзаИван {Конев}
24%
Один из самых популярных борцов Европы во греко-римском стиле.Иван {Поддубный}
23%
Лётчик-ас времён Великой Отечественной войны, наиболее результативный лётчик-истребитель в авиации союзниковИван {Кожедуб}
19%
Футболист, полузащитник клуба «Хайдук» и национальной сборной ХорватииИван {Перишич}
14%
Один из трёх лучших футболистов Чили всех времёнИван {Саморано}
13%
Журналист, автор ряда резонансных расследований о коррупции в высших эшелонах власти РоссииИван {Голунов}
8%
Фаворит императрицы Елизаветы Петровны и один из создателей Академического словаряИван {Шувалов}
6%
Физиолог и создатель первой российской физиологической научной школыИван {Сеченов}
5%

Score Distribution

Percentile by Number Answered

Percent of People with Each Score

Your Score History

You have not taken this quiz